|
|
|
|
| LEADER |
00000nam0a2200000 4500 |
| 001 |
309209 |
| 005 |
20231102002152.0 |
| 020 |
|
|
|a RU
|b 81-21945
|
| 035 |
|
|
|a (RuTPU)RU\TPU\book\334531
|
| 090 |
|
|
|a 309209
|
| 100 |
|
|
|a 20151111d1980 m y0rusy5003 ca
|
| 101 |
0 |
|
|a rus
|
| 102 |
|
|
|a UA
|
| 105 |
|
|
|a y j 001zy
|
| 200 |
1 |
|
|a Стохастические задачи оптимизации
|e текст лекций
|f А. И. Пономаренко
|g Киевский государственный университет им. Т. Г. Шевченко
|
| 210 |
|
|
|a Киев
|c Изд-во КГУ
|d 1980
|
| 215 |
|
|
|a 50 с.
|
| 320 |
|
|
|a Библиогр.: с. 49
|
| 606 |
1 |
|
|a Оптимальные процессы
|x Статистическая теория
|x (математика)
|2 stltpush
|3 (RuTPU)RU\TPU\subj\47191
|9 66251
|
| 610 |
1 |
|
|a оптимизация
|
| 610 |
1 |
|
|a стохастические задачи
|
| 610 |
1 |
|
|a лекции
|
| 610 |
1 |
|
|a случайные функции
|
| 610 |
1 |
|
|a гармонический анализ
|
| 610 |
1 |
|
|a функции второго порядка
|
| 610 |
1 |
|
|a учебные пособия
|
| 675 |
|
|
|a 519.246(075.8)
|z rus
|v 3
|
| 700 |
|
1 |
|a Пономаренко
|b А. И.
|g Александр Иванович
|4 070
|
| 712 |
0 |
2 |
|a Киевский государственный университет им. Т. Г. Шевченко
|2 stltpush
|3 (RuTPU)RU\TPU\col\12766
|9 25523
|
| 801 |
|
0 |
|a RU
|b RuMRKP
|c 19950704
|g psbo
|
| 801 |
|
1 |
|a RU
|b 63413507
|c 20151111
|
| 801 |
|
2 |
|a RU
|b 63413507
|c 20190919
|g RCR
|
| 942 |
|
|
|c BK
|